00237nam a2200109Ia 4500008004100000100001500041245002100056260001200077260000900089546001200098999001700110170619s9999 xx 000 0 und d aValkenburg 0aNETWORK ANALYSIS bPearson c2008 aENGLISH c18949d18949